Paroles - Marée haute - Matmatah - Statistiques

Statistiques générales
  • Ce quiz a été pris 29 fois
  • Le résultat moyen est 278 sur 338
Statistiques - réponses
Paroles % Correct
à
100%
ces
100%
dans
100%
de
100%
De
100%
des
100%
en
100%
haute
100%
je
100%
la
100%
le
100%
Le
100%
les
100%
Les
100%
ma
100%
marée
100%
me
100%
mes
100%
que
100%
Que
100%
années
92%
au
92%
bien
92%
encore
92%
Et
92%
et
92%
J'ai
92%
j'ai
92%
peu
92%
un
92%
Un
92%
vos
92%
Vos
92%
ai
83%
arrive
83%
cendres
83%
du
83%
fautes
83%
grises
83%
hôtes
83%
il
83%
messieurs
83%
on
83%
ou
83%
pendant
83%
phénix
83%
pour
83%
quoi
83%
Quoi
83%
république
83%
reviendrai
83%
serai
83%
si
83%
souvenir
83%
tempes
83%
tête
83%
tous
83%
volé
83%
au-dessus
75%
Bouffé
75%
comme
75%
est
75%
finance
75%
force
75%
gotha
75%
gré
75%
impardonnables
75%
J'étais
75%
j'étais
75%
juste
75%
l'élu
75%
loup
75%
M'accordent
75%
magnifique
75%
mais
75%
Nation
75%
non
75%
plus
75%
Quelques
75%
quelques
75%
qu'il
75%
râteliers
75%
renaîtrai
75%
renaitrai
75%
rira
75%
soupçons
75%
temps
75%
vous
75%
abusé
67%
adieux
67%
aveux
67%
cerveaux
67%
comptes
67%
confiance
67%
débusque
67%
détournements
67%
Devant
67%
erreurs
67%
fiscalité
67%
fond
67%
frappe
67%
frauduleuse
67%
garant
67%
j'en
67%
joyau
67%
juges
67%
l'animal
67%
lois
67%
l'on
67%
m'accuse-t-on
67%
partouzé
67%
porte
67%
Pourquoi
67%
qu'on
67%
semble
67%
Suisse
67%
usé
67%
voici
67%
attendent
58%
avenir
58%
baisant
58%
contentieux
58%
dieux
58%
éclatera
58%
facturation
58%
Faiblesse
58%
heures
58%
incorruptibles
58%
jeune
58%
lavés
58%
morale
58%
m'oublie
58%
parmi
58%
radieux
58%
resté
58%
sordide
58%
sorte
58%
traiter
58%
vérité
58%
copains
50%
généreuses
50%
gratin
50%
J'serais
50%
pouvoir
50%
bal
42%
grand
42%
grata
42%
J'naviguerais
42%
persona
42%
ses
42%
table
42%
tapiner
42%
bras
33%
l'arène
33%
m'accueille
33%
mécènes
33%
non-lieu
33%
nouveau
33%
D'obscène
25%
fréquentable
25%
revoici
25%
Aucun quiz correspondant
Distribution des résultats
% des personnes avec chaque résultat
Percentile par nombre de réponses
Votre historique - résultats
Vous n’avez pas pris ce quiz